000 00500nam a2200169Ia 4500
999 _c35935
_d35935
003 OSt
005 20201207125434.0
008 190216s9999||||xx |||||||||||||| ||und||
040 _coclc
082 _a351.1
_bSAI/P
100 _aSait, M A
_97264
245 0 _aA Practical Study On The Kerala Service Rules /
_cM A Sait
260 _bA Sadasiva Panicker,
_c1974
_aTrivandrum:
300 _a344p
650 _aGeneral Libraries
942 _cREF
_2ddc
_h351.1
_iSAI/P
_k351.1
_mSAI/P